[Event "Ekstraliga 2019"]
[Site "Katowice"]
[Date "2019.08.31"]
[Round "4.16"]
[White "Butkiewicz, Lukasz"]
[Black "Gajewski, Grzegorz"]
[Result "1/2-1/2"]
[BlackElo "2613"]
[WhiteElo "2436"]
[WhiteTeam "Bialy Krol Wisznia Mala"]
[BlackTeam "Wasko HETMAN GKS Katowice"]
[LiveChessVersion "1.4.8"]

1. d4 {[%clk 1:30:55]} Nf6 {[%clk 1:30:47]} 2. c4 {[%clk 1:31:18]} e6
{[%clk 1:31:11]} 3. Nc3 {[%clk 1:31:43]} Bb4 {[%clk 1:31:34]} 4. Qc2
{[%clk 1:32:07]} O-O {[%clk 1:30:54]} 5. Nf3 {[%clk 1:32:25]} d5 {[%clk 1:30:04]}
6. a3 {[%clk 1:30:02]} Bxc3+ {[%clk 1:30:22]} 7. Qxc3 {[%clk 1:30:21]} Ne4
{[%clk 1:24:08]} 8. Qc2 {[%clk 1:30:02]} b6 {[%clk 1:24:12]} 9. e3
{[%clk 1:28:13]} Bb7 {[%clk 1:23:51]} 10. Bd3 {[%clk 1:27:02]} Nd7
{[%clk 1:23:53]} 11. b3 {[%clk 1:23:31]} c5 {[%clk 1:22:22]} 12. Bb2
{[%clk 1:18:47]} Rc8 {[%clk 1:19:10]} 13. O-O {[%clk 1:16:37]} h6
{[%clk 1:02:09]} 14. Rfd1 {[%clk 1:09:30]} Qe7 {[%clk 1:00:18]} 15. Bxe4
{[%clk 1:00:27]} dxe4 {[%clk 1:00:40]} 16. Ne5 {[%clk 1:00:50]} Nxe5
{[%clk 0:57:21]} 17. dxe5 {[%clk 1:00:35]} Rfd8 {[%clk 0:57:30]} 18. Rxd8+
{[%clk 0:54:55]} Rxd8 {[%clk 0:57:57]} 19. Rd1 {[%clk 0:55:12]} Rd3
{[%clk 0:55:43]} 20. Rxd3 {[%clk 0:43:26]} exd3 {[%clk 0:56:10]} 21. Qxd3
{[%clk 0:43:48]} Qg5 {[%clk 0:56:35]} 22. e4 {[%clk 0:42:40]} Qh4
{[%clk 0:57:01]} 23. g3 {[%clk 0:39:47]} Qxe4 {[%clk 0:53:29]} 24. Qxe4
{[%clk 0:40:08]} Bxe4 {[%clk 0:53:58]} 25. b4 {[%clk 0:39:14]} cxb4
{[%clk 0:51:52]} 26. axb4 {[%clk 0:39:39]} Bd3 {[%clk 0:52:16]} 27. c5
{[%clk 0:39:24]} bxc5 {[%clk 0:52:42]} 28. bxc5 {[%clk 0:39:50]} Bb5
{[%clk 0:52:23]} 29. f4 {[%clk 0:34:20]} Kf8 {[%clk 0:52:48]} 30. Kf2
{[%clk 0:34:43]} Ke7 {[%clk 0:53:15]} 31. Ke3 {[%clk 0:35:01]} Kd7
{[%clk 0:53:43]} 32. Kd4 {[%clk 0:33:47]} Kc6 {[%clk 0:54:11]} 33. Bc1
{[%clk 0:24:25]} Be2 {[%clk 0:53:54]} 34. Bb2 {[%clk 0:24:31]} Kb5
{[%clk 0:53:17]} 35. Bc3 {[%clk 0:23:12]} Bf3 {[%clk 0:53:34]} 36. Bd2
{[%clk 0:23:04]} h5 {[%clk 0:53:49]} 37. Bc1 {[%clk 0:18:33]} Bd5
{[%clk 0:42:30]} 38. Bd2 {[%clk 0:17:58]} Bc6 {[%clk 0:42:02]} 39. Bc1
{[%clk 0:15:47]} a5 {[%clk 0:40:58]} 40. Bb2 {[%clk 0:45:01]} g6 {[%clk 1:11:20]}
41. Bc1 {[%clk 0:43:12]} Bd5 {[%clk 1:11:41]} 42. Bb2 {[%clk 0:42:37]} a4
{[%clk 1:11:50]} 43. Ba3 {[%clk 0:42:59]} Bc6 {[%clk 1:12:16]} 1/2-1/2

[Event "Ekstraliga 2019"]
[Site "Katowice"]
[Date "2019.08.31"]
[Round "4.18"]
[White "Bartel, Marta"]
[Black "Socko, Monika"]
[Result "1/2-1/2"]
[BlackElo "2436"]
[WhiteElo "2244"]
[WhiteTeam "Bialy Krol Wisznia Mala"]
[BlackTeam "Wasko HETMAN GKS Katowice"]
[LiveChessVersion "1.4.8"]

1. d4 {[%clk 1:30:55]} e6 {[%clk 1:30:54]} 2. c4 {[%clk 1:31:18]} Nf6
{[%clk 1:31:16]} 3. Nf3 {[%clk 1:31:41]} Bb4+ {[%clk 1:31:33]} 4. Nbd2
{[%clk 1:32:05]} a5 {[%clk 1:31:58]} 5. a3 {[%clk 1:32:28]} Be7 {[%clk 1:32:11]}
6. e4 {[%clk 1:32:51]} d5 {[%clk 1:32:32]} 7. e5 {[%clk 1:33:11]} Nfd7
{[%clk 1:32:57]} 8. cxd5 {[%clk 1:33:36]} exd5 {[%clk 1:33:19]} 9. Nb1
{[%clk 1:34:02]} Nb6 {[%clk 1:32:23]} 10. Nc3 {[%clk 1:34:25]} Nc6
{[%clk 1:32:32]} 11. Bd3 {[%clk 1:34:05]} Bg4 {[%clk 1:30:49]} 12. Be3
{[%clk 1:33:45]} Nc4 {[%clk 1:21:16]} 13. Bxc4 {[%clk 1:28:10]} dxc4
{[%clk 1:21:18]} 14. Qa4 {[%clk 1:28:09]} O-O {[%clk 1:16:19]} 15. Qxc4
{[%clk 1:27:11]} Qd7 {[%clk 1:13:51]} 16. h3 {[%clk 1:16:44]} Bxf3
{[%clk 1:09:02]} 17. gxf3 {[%clk 1:16:46]} Rfd8 {[%clk 1:09:23]} 18. Rd1
{[%clk 1:13:19]} Rab8 {[%clk 0:43:44]} 19. Qb5 {[%clk 1:01:50]} Bf8
{[%clk 0:37:27]} 20. Ne4 {[%clk 0:42:50]} Ne7 {[%clk 0:31:19]} 21. Qxd7
{[%clk 0:40:24]} Rxd7 {[%clk 0:31:46]} 22. Rg1 {[%clk 0:40:50]} Kh8
{[%clk 0:28:46]} 23. Rc1 {[%clk 0:37:22]} Nd5 {[%clk 0:25:16]} 24. f4
{[%clk 0:32:43]} f5 {[%clk 0:21:04]} 25. Nc3 {[%clk 0:29:39]} c6 {[%clk 0:20:18]}
26. Nxd5 {[%clk 0:28:16]} Rxd5 {[%clk 0:20:37]} 27. Ke2 {[%clk 0:26:23]} Be7
{[%clk 0:20:33]} 28. Rc4 {[%clk 0:22:20]} Kg8 {[%clk 0:20:27]} 29. Rgc1
{[%clk 0:17:04]} Kf7 {[%clk 0:19:12]} 30. R1c3 {[%clk 0:14:50]} Rb5
{[%clk 0:19:03]} 31. Rc2 {[%clk 0:14:38]} Rd8 {[%clk 0:19:21]} 32. R4c3
{[%clk 0:13:37]} Ke6 {[%clk 0:18:33]} 33. Rd3 {[%clk 0:13:32]} Rd7
{[%clk 0:16:59]} 34. Rcd2 {[%clk 0:09:55]} h6 {[%clk 0:15:37]} 35. Rc2
{[%clk 0:09:46]} Bd8 {[%clk 0:15:14]} 36. Rdc3 {[%clk 0:07:42]} Bb6
{[%clk 0:11:28]} 37. Rc4 {[%clk 0:07:13]} Bd8 {[%clk 0:08:00]} 38. a4
{[%clk 0:03:26]} Rbd5 {[%clk 0:04:49]} 39. Rc5 {[%clk 0:02:10]} g5
{[%clk 0:04:06]} 40. Rxd5 {[%clk 0:30:50]} Rxd5 {[%clk 0:34:27]} 41. Kf3
{[%clk 0:23:31]} gxf4 {[%clk 0:32:16]} 42. Kxf4 {[%clk 0:15:21]} Bg5+
{[%clk 0:32:07]} 43. Kf3 {[%clk 0:15:45]} f4 {[%clk 0:29:29]} 44. h4
{[%clk 0:06:57]} fxe3 {[%clk 0:29:14]} 45. hxg5 {[%clk 0:07:24]} exf2
{[%clk 0:29:38]} 46. Kxf2 {[%clk 0:07:18]} Rxd4 {[%clk 0:24:18]} 47. gxh6
{[%clk 0:07:39]} Rh4 {[%clk 0:24:43]} 48. Rc5 {[%clk 0:02:28]} Rxh6
{[%clk 0:23:48]} 49. Rxa5 {[%clk 0:02:54]} Rh2+ {[%clk 0:24:10]} 50. Ke3
{[%clk 0:03:18]} Rxb2 {[%clk 0:24:37]} 51. Kd4 {[%clk 0:03:23]} Rd2+
{[%clk 0:21:24]} 52. Kc4 {[%clk 0:01:33]} Rd1 {[%clk 0:18:29]} 53. Kc3
{[%clk 0:01:21]} Rb1 {[%clk 0:15:55]} 54. Kc2 {[%clk 0:00:50]} Rh1
{[%clk 0:14:00]} 55. Kc3 {[%clk 0:01:12]} Rd1 {[%clk 0:11:36]} 56. Kc2
{[%clk 0:00:56]} Rg1 {[%clk 0:08:15]} 57. Kc3 {[%clk 0:01:20]} Rf1
{[%clk 0:08:28]} 58. Ra7 {[%clk 0:00:48]} Rf7 {[%clk 0:08:35]} 59. Ra5
{[%clk 0:01:10]} Rf4 {[%clk 0:07:50]} 60. Ra7 {[%clk 0:01:21]} Rf7
{[%clk 0:08:02]} 61. Ra5 {[%clk 0:01:49]} Rg7 {[%clk 0:08:00]} 62. Kc2
{[%clk 0:01:56]} Rg4 {[%clk 0:07:15]} 63. Kc3 {[%clk 0:02:06]} Rh4
{[%clk 0:07:40]} 64. Ra7 {[%clk 0:02:10]} Rh7 {[%clk 0:07:14]} 65. Ra5
{[%clk 0:02:34]} Rh1 {[%clk 0:07:33]} 66. Kc2 {[%clk 0:02:49]} Ra1
{[%clk 0:07:46]} 67. Kb2 {[%clk 0:02:45]} Rd1 {[%clk 0:08:12]} 68. Kc2
{[%clk 0:02:56]} Rd8 {[%clk 0:08:02]} 69. Kc3 {[%clk 0:02:02]} Kf5
{[%clk 0:06:16]} 70. Kc4 {[%clk 0:00:44]} Rd7 {[%clk 0:06:18]} 71. Kc3
{[%clk 0:00:56]} Rh7 {[%clk 0:06:03]} 72. Kd4 {[%clk 0:00:52]} Rc7
{[%clk 0:04:41]} 73. Kc3 {[%clk 0:00:43]} Ke4 {[%clk 0:02:31]} 74. Kc4
{[%clk 0:00:35]} Re7 {[%clk 0:02:55]} 75. e6 {[%clk 0:00:37]} Rxe6
{[%clk 0:02:24]} 76. Ra7 {[%clk 0:00:46]} Re7 {[%clk 0:01:38]} 77. a5
{[%clk 0:00:46]} Rd7 {[%clk 0:01:32]} 78. Kc3 {[%clk 0:00:51]} Rd3+
{[%clk 0:01:20]} 79. Kc2 {[%clk 0:01:01]} Rd5 {[%clk 0:01:11]} 80. Rxb7
{[%clk 0:01:16]} Rxa5 {[%clk 0:01:38]} 81. Kc3 {[%clk 0:01:16]} Rc5+
{[%clk 0:01:54]} 82. Kd2 {[%clk 0:00:37]} Kd4 {[%clk 0:02:19]} 83. Rh7
{[%clk 0:00:46]} Kc4 {[%clk 0:02:39]} 84. Kc2 {[%clk 0:01:02]} Rd5
{[%clk 0:03:05]} 85. Rh6 {[%clk 0:01:09]} c5 {[%clk 0:03:29]} 86. Rh4+
{[%clk 0:01:13]} Kb5 {[%clk 0:03:30]} 87. Kc3 {[%clk 0:01:29]} Rg5
{[%clk 0:03:56]} 88. Rh3 {[%clk 0:01:41]} Rg4 {[%clk 0:04:24]} 89. Rh8
{[%clk 0:01:35]} Rg3+ {[%clk 0:04:50]} 90. Kc2 {[%clk 0:01:57]} Kb4
{[%clk 0:05:18]} 91. Rh4+ {[%clk 0:01:41]} c4 {[%clk 0:05:44]} 92. Rh2
{[%clk 0:01:51]} Ra3 {[%clk 0:05:35]} 93. Rh8 {[%clk 0:01:29]} Ra2+
{[%clk 0:05:54]} 94. Kb1 {[%clk 0:01:22]} Rd2 {[%clk 0:05:46]} 95. Kc1
{[%clk 0:01:36]} Kc3 {[%clk 0:04:53]} 96. Rh3+ {[%clk 0:01:29]} Rd3
{[%clk 0:05:19]} 97. Rh2 {[%clk 0:01:20]} Rg3 {[%clk 0:05:33]} 98. Rc2+
{[%clk 0:01:37]} Kb4 {[%clk 0:05:42]} 99. Rb2+ {[%clk 0:01:45]} Kc5
{[%clk 0:05:52]} 100. Rh2 {[%clk 0:01:50]} Ra3 {[%clk 0:06:04]} 101. Rh7
{[%clk 0:00:56]} Ra2 {[%clk 0:06:28]} 102. Kb1 {[%clk 0:00:42]} Rg2
{[%clk 0:06:53]} 103. Kc1 {[%clk 0:00:52]} Kb4 {[%clk 0:07:13]} 104. Rh3
{[%clk 0:00:52]} Rf2 {[%clk 0:07:40]} 105. Rg3 {[%clk 0:01:20]} Re2
{[%clk 0:07:32]} 106. Rh3 {[%clk 0:01:49]} Kc5 {[%clk 0:07:58]} 107. Rh5+
{[%clk 0:01:44]} Kd4 {[%clk 0:08:24]} 108. Rh4+ {[%clk 0:01:48]} Kc3
{[%clk 0:08:52]} 109. Rh3+ {[%clk 0:02:14]} Kb4 {[%clk 0:09:19]} 110. Rg3
{[%clk 0:02:37]} Re1+ {[%clk 0:09:29]} 111. Kc2 {[%clk 0:02:49]} Rh1
{[%clk 0:09:57]} 112. Rf3 {[%clk 0:03:02]} Rh2+ {[%clk 0:09:46]} 113. Kc1
{[%clk 0:03:20]} Kc5 {[%clk 0:10:14]} 114. Rf5+ {[%clk 0:03:14]} Kd4
{[%clk 0:10:40]} 115. Rf4+ {[%clk 0:03:38]} Kd3 {[%clk 0:11:08]} 116. Rf3+
{[%clk 0:04:03]} Ke4 {[%clk 0:11:28]} 117. Rg3 {[%clk 0:03:59]} Re2
{[%clk 0:10:24]} 118. Rh3 {[%clk 0:03:52]} Kd4 {[%clk 0:10:23]} 119. Rg3
{[%clk 0:03:58]} Kc5 {[%clk 0:09:51]} 120. Rh3 {[%clk 0:04:12]} Kb4
{[%clk 0:10:19]} 121. Rg3 {[%clk 0:04:19]} Rh2 {[%clk 0:10:46]} 122. Rf3
{[%clk 0:04:40]} Rh4 {[%clk 0:11:04]} 123. Kc2 {[%clk 0:04:14]} Rh7
{[%clk 0:10:50]} 124. Rg3 {[%clk 0:04:29]} Ra7 {[%clk 0:11:15]} 125. Kb2
{[%clk 0:03:46]} Ra8 {[%clk 0:11:21]} 126. Rh3 {[%clk 0:04:10]} Rg8
{[%clk 0:11:38]} 127. Kc2 {[%clk 0:04:11]} Rg4 {[%clk 0:12:03]} 128. Rf3
{[%clk 0:04:08]} c3 {[%clk 0:12:30]} 129. Rf8 {[%clk 0:03:13]} Rg2+
{[%clk 0:12:52]} 130. Kc1 {[%clk 0:03:36]} Re2 {[%clk 0:11:54]} 131. Rb8+
{[%clk 0:03:30]} Kc4 {[%clk 0:12:21]} 1/2-1/2

[Event "Ekstraliga 2019"]
[Site "Katowice"]
[Date "2019.08.31"]
[Round "4.19"]
[White "Huschenbeth, Niclas"]
[Black "Matuszewski, Michal"]
[Result "0-1"]
[BlackElo "2518"]
[WhiteElo "2620"]
[WhiteTeam "KSz Silesia Raciborz"]
[BlackTeam "KSz Dwie Wieze Krakow"]
[LiveChessVersion "1.4.8"]

1. e4 {[%clk 1:30:57]} c5 {[%clk 1:30:54]} 2. Nf3 {[%clk 1:31:23]} a6
{[%clk 1:31:17]} 3. c3 {[%clk 1:31:45]} d5 {[%clk 1:30:18]} 4. exd5
{[%clk 1:32:10]} Nf6 {[%clk 1:30:45]} 5. d4 {[%clk 1:29:33]} cxd4
{[%clk 1:30:57]} 6. cxd4 {[%clk 1:28:52]} Nxd5 {[%clk 1:31:23]} 7. Nc3
{[%clk 1:28:50]} Nc6 {[%clk 1:31:49]} 8. Bc4 {[%clk 1:26:13]} Be6
{[%clk 1:32:10]} 9. Bb3 {[%clk 1:24:00]} Na5 {[%clk 1:32:35]} 10. Ng5
{[%clk 1:05:11]} Qd7 {[%clk 1:30:51]} 11. O-O {[%clk 0:41:23]} Nxb3
{[%clk 1:26:09]} 12. axb3 {[%clk 0:41:23]} Bg4 {[%clk 1:20:49]} 13. Qd3
{[%clk 0:40:46]} e6 {[%clk 1:16:16]} 14. Re1 {[%clk 0:38:16]} Be7
{[%clk 1:11:51]} 15. Qg3 {[%clk 0:33:05]} Bf5 {[%clk 1:09:23]} 16. Nf3
{[%clk 0:31:29]} O-O {[%clk 1:02:55]} 17. Ne5 {[%clk 0:23:57]} Qd8
{[%clk 1:02:34]} 18. Bh6 {[%clk 0:19:44]} Bf6 {[%clk 0:58:19]} 19. Bd2
{[%clk 0:09:33]} Bh4 {[%clk 0:50:42]} 20. Qf3 {[%clk 0:09:29]} Nb4
{[%clk 0:49:02]} 21. Rad1 {[%clk 0:04:49]} Nc2 {[%clk 0:45:36]} 22. Rf1
{[%clk 0:05:18]} f6 {[%clk 0:40:49]} 23. Nc4 {[%clk 0:01:44]} Nxd4
{[%clk 0:40:51]} 24. Qh5 {[%clk 0:01:51]} Bg5 {[%clk 0:33:58]} 25. Bxg5
{[%clk 0:02:20]} fxg5 {[%clk 0:33:05]} 26. Ne5 {[%clk 0:02:37]} Qd6
{[%clk 0:27:17]} 27. Rfe1 {[%clk 0:03:06]} Bc2 {[%clk 0:25:45]} 28. Rd2
{[%clk 0:03:04]} Rf5 {[%clk 0:23:46]} 29. Nc4 {[%clk 0:03:31]} Qf4
{[%clk 0:22:54]} 30. f3 {[%clk 0:01:44]} Nxb3 {[%clk 0:18:13]} 31. Rxc2
{[%clk 0:01:26]} Qxc4 {[%clk 0:18:39]} 32. Rce2 {[%clk 0:01:39]} Nc5
{[%clk 0:16:24]} 33. Rd1 {[%clk 0:01:00]} Nd3 {[%clk 0:13:53]} 34. Red2
{[%clk 0:01:13]} Qc5+ {[%clk 0:11:37]} 35. Kf1 {[%clk 0:01:42]} Nf4
{[%clk 0:11:45]} 36. Qg4 {[%clk 0:02:06]} Raf8 {[%clk 0:11:12]} 37. Ne4
{[%clk 0:00:36]} Qb5+ {[%clk 0:07:40]} 38. Kf2 {[%clk 0:01:01]} h5
{[%clk 0:04:55]} 39. Qg3 {[%clk 0:01:30]} h4 {[%clk 0:03:40]} 40. Qg4
{[%clk 0:31:58]} Qb6+ {[%clk 0:33:52]} 41. Kf1 {[%clk 0:30:49]} Nd5
{[%clk 0:30:08]} 42. Rxd5 {[%clk 0:28:48]} exd5 {[%clk 0:30:04]} 43. Nc3
{[%clk 0:26:07]} Qxb2 {[%clk 0:25:27]} 44. Nxd5 {[%clk 0:26:00]} Re5
{[%clk 0:23:18]} 45. Qc4 {[%clk 0:18:55]} Kh8 {[%clk 0:23:09]} 46. h3
{[%clk 0:14:39]} b5 {[%clk 0:19:27]} 47. Qd3 {[%clk 0:13:45]} Rd8
{[%clk 0:19:40]} 0-1

[Event "Ekstraliga 2019"]
[Site "Katowice"]
[Date "2019.08.31"]
[Round "4.25"]
[White "Kempinski, Robert"]
[Black "Tomczak, Jacek"]
[Result "0-1"]
[BlackElo "2628"]
[WhiteElo "2579"]
[WhiteTeam "KSz Miedz Legnica"]
[BlackTeam "Akademia Szachowa Gliwice"]
[LiveChessVersion "1.4.8"]

1. d4 {[%clk 1:30:55]} Nf6 {[%clk 1:30:52]} 2. c4 {[%clk 1:31:17]} c5
{[%clk 1:31:15]} 3. d5 {[%clk 1:31:21]} b5 {[%clk 1:31:37]} 4. cxb5
{[%clk 1:30:47]} a6 {[%clk 1:31:51]} 5. bxa6 {[%clk 1:31:07]} g6 {[%clk 1:32:10]}
6. Nc3 {[%clk 1:31:11]} Bg7 {[%clk 1:32:29]} 7. Nf3 {[%clk 1:30:01]} O-O
{[%clk 1:32:33]} 8. g3 {[%clk 1:25:42]} d6 {[%clk 1:32:24]} 9. Bg2
{[%clk 1:25:52]} Nbd7 {[%clk 1:32:13]} 10. O-O {[%clk 1:25:43]} Nb6
{[%clk 1:32:36]} 11. Ne1 {[%clk 1:19:44]} Rxa6 {[%clk 1:26:19]} 12. Nc2
{[%clk 1:18:30]} Bb7 {[%clk 1:26:08]} 13. Ne3 {[%clk 1:15:36]} Qa8
{[%clk 1:26:05]} 14. Qd2 {[%clk 1:12:01]} Rc8 {[%clk 1:03:34]} 15. b3
{[%clk 1:02:03]} e6 {[%clk 0:56:07]} 16. dxe6 {[%clk 0:57:51]} fxe6
{[%clk 0:56:01]} 17. Bxb7 {[%clk 0:51:38]} Qxb7 {[%clk 0:56:17]} 18. Nc4
{[%clk 0:49:01]} Nxc4 {[%clk 0:45:10]} 19. bxc4 {[%clk 0:49:14]} Qb4
{[%clk 0:45:30]} 20. Qd3 {[%clk 0:37:58]} Nd7 {[%clk 0:42:57]} 21. Bd2
{[%clk 0:38:20]} Ne5 {[%clk 0:42:36]} 22. Qe4 {[%clk 0:38:40]} Qxc4
{[%clk 0:41:10]} 23. Qb7 {[%clk 0:38:31]} Rf8 {[%clk 0:36:00]} 24. Rac1
{[%clk 0:36:01]} Raa8 {[%clk 0:34:29]} 25. Bf4 {[%clk 0:31:31]} Qa6
{[%clk 0:30:24]} 26. Qxa6 {[%clk 0:20:09]} Rxa6 {[%clk 0:30:45]} 27. Nb5
{[%clk 0:20:32]} Rxa2 {[%clk 0:09:42]} 28. Nxd6 {[%clk 0:16:59]} Rxe2
{[%clk 0:10:05]} 29. Rxc5 {[%clk 0:14:12]} Nf3+ {[%clk 0:10:00]} 30. Kg2
{[%clk 0:10:52]} Ne1+ {[%clk 0:10:14]} 31. Kg1 {[%clk 0:10:21]} Nf3+
{[%clk 0:10:34]} 32. Kg2 {[%clk 0:10:45]} Ne1+ {[%clk 0:10:59]} 33. Kg1
{[%clk 0:11:08]} Bd4 {[%clk 0:08:14]} 34. Rb5 {[%clk 0:07:00]} e5
{[%clk 0:05:34]} 35. Bh6 {[%clk 0:01:51]} Rfxf2 {[%clk 0:04:15]} 0-1

[Event "Ekstraliga 2019"]
[Site "Katowice"]
[Date "2019.09.01"]
[Round "5.1"]
[White "Tomczak, Jacek"]
[Black "Mista, Aleksander"]
[Result "1/2-1/2"]
[BlackElo "2599"]
[WhiteElo "2628"]
[WhiteTeam "Akademia Szachowa Gliwice"]
[BlackTeam "Wieza Pegow"]
[LiveChessVersion "1.4.8"]

1. e4 {[%clk 1:30:57]} c5 {[%clk 1:30:57]} 2. Nf3 {[%clk 1:31:18]} d6
{[%clk 1:31:22]} 3. d4 {[%clk 1:31:42]} cxd4 {[%clk 1:31:49]} 4. Nxd4
{[%clk 1:32:05]} Nf6 {[%clk 1:32:16]} 5. Nc3 {[%clk 1:32:24]} g6 {[%clk 1:32:43]}
6. Be3 {[%clk 1:32:45]} Bg7 {[%clk 1:33:09]} 7. f3 {[%clk 1:33:04]} Nc6
{[%clk 1:33:35]} 8. Qd2 {[%clk 1:33:20]} O-O {[%clk 1:34:00]} 9. Nb3
{[%clk 1:33:40]} Bd7 {[%clk 1:23:55]} 10. O-O-O {[%clk 1:33:49]} Rb8
{[%clk 1:22:37]} 11. Kb1 {[%clk 1:31:04]} a6 {[%clk 1:13:06]} 12. h4
{[%clk 1:27:02]} h5 {[%clk 1:07:38]} 13. Bh6 {[%clk 1:21:22]} Ne5
{[%clk 1:05:08]} 14. Bxg7 {[%clk 1:09:40]} Kxg7 {[%clk 1:05:35]} 15. Nd5
{[%clk 1:09:59]} Nxd5 {[%clk 0:59:02]} 16. exd5 {[%clk 1:07:28]} Qb6
{[%clk 0:53:11]} 17. Be2 {[%clk 0:56:31]} Rbc8 {[%clk 0:52:09]} 18. g4
{[%clk 0:46:24]} hxg4 {[%clk 0:50:13]} 19. fxg4 {[%clk 0:45:20]} Nxg4
{[%clk 0:34:13]} 20. Bxg4 {[%clk 0:39:26]} Bxg4 {[%clk 0:34:38]} 21. Rdf1
{[%clk 0:39:51]} Rh8 {[%clk 0:23:33]} 22. Nd4 {[%clk 0:32:16]} Rh5
{[%clk 0:14:39]} 23. Rhg1 {[%clk 0:27:22]} Bd7 {[%clk 0:12:10]} 24. Qe3
{[%clk 0:17:29]} Qd8 {[%clk 0:09:11]} 25. Qf3 {[%clk 0:15:38]} Kh8
{[%clk 0:09:14]} 26. Qxf7 {[%clk 0:15:14]} Qe8 {[%clk 0:09:26]} 27. Qf4
{[%clk 0:09:49]} Qg8 {[%clk 0:09:24]} 28. Rg5 {[%clk 0:08:44]} Rxg5
{[%clk 0:07:37]} 29. Qxg5 {[%clk 0:03:19]} Qg7 {[%clk 0:07:59]} 30. c3
{[%clk 0:02:50]} Rf8 {[%clk 0:06:21]} 31. Rg1 {[%clk 0:02:41]} Kh7
{[%clk 0:04:21]} 32. h5 {[%clk 0:03:05]} Rf6 {[%clk 0:03:40]} 33. Qe3
{[%clk 0:03:20]} Qf7 {[%clk 0:03:28]} 34. hxg6+ {[%clk 0:02:43]} Rxg6
{[%clk 0:03:54]} 35. Re1 {[%clk 0:03:06]} Qxd5 {[%clk 0:02:31]} 36. Qxe7+
{[%clk 0:03:30]} Rg7 {[%clk 0:02:58]} 37. Qh4+ {[%clk 0:03:48]} Kg8
{[%clk 0:03:22]} 38. Rh1 {[%clk 0:02:20]} Kf7 {[%clk 0:00:43]} 39. Rf1+
{[%clk 0:00:43]} Kg8 {[%clk 0:01:07]} 40. Rh1 {[%clk 0:30:51]} Kf7
{[%clk 0:31:34]} 41. Ka1 {[%clk 0:25:00]} Qg5 {[%clk 0:28:37]} 42. Qf2+
{[%clk 0:23:11]} Ke7 {[%clk 0:26:51]} 43. Rd1 {[%clk 0:16:09]} Qg3
{[%clk 0:24:51]} 44. Nf5+ {[%clk 0:03:42]} Bxf5 {[%clk 0:25:08]} 45. Qxf5
{[%clk 0:04:08]} Kd8 {[%clk 0:24:10]} 46. a3 {[%clk 0:04:21]} Kc7
{[%clk 0:22:25]} 47. Qa5+ {[%clk 0:04:47]} Kc8 {[%clk 0:17:25]} 48. Qb6
{[%clk 0:04:44]} Rd7 {[%clk 0:17:09]} 49. c4 {[%clk 0:03:12]} Qf3
{[%clk 0:15:11]} 50. Re1 {[%clk 0:03:04]} Qf7 {[%clk 0:14:44]} 51. c5
{[%clk 0:00:32]} dxc5 {[%clk 0:14:35]} 52. Qxc5+ {[%clk 0:00:54]} Kb8
{[%clk 0:14:41]} 53. Qe5+ {[%clk 0:01:20]} 1/2-1/2

[Event "Ekstraliga 2019"]
[Site "Katowice"]
[Date "2019.09.01"]
[Round "5.2"]
[White "Moranda, Wojciech"]
[Black "Czarnota, Pawel"]
[Result "1/2-1/2"]
[BlackElo "2532"]
[WhiteElo "2597"]
[WhiteTeam "Wieza Pegow"]
[BlackTeam "Akademia Szachowa Gliwice"]
[LiveChessVersion "1.4.8"]

1. d4 {[%clk 1:30:56]} d5 {[%clk 1:30:48]} 2. c4 {[%clk 1:30:29]} c6
{[%clk 1:31:09]} 3. Nf3 {[%clk 1:30:09]} Nf6 {[%clk 1:31:22]} 4. e3
{[%clk 1:29:16]} Bf5 {[%clk 1:30:37]} 5. Nc3 {[%clk 1:28:18]} e6 {[%clk 1:30:59]}
6. Nh4 {[%clk 1:27:32]} Be4 {[%clk 1:28:56]} 7. f3 {[%clk 1:26:22]} Bg6
{[%clk 1:29:19]} 8. Qb3 {[%clk 1:25:12]} Qc7 {[%clk 1:26:29]} 9. Bd2
{[%clk 1:24:01]} Be7 {[%clk 1:25:38]} 10. cxd5 {[%clk 1:22:06]} cxd5
{[%clk 1:22:48]} 11. Nxg6 {[%clk 1:20:24]} hxg6 {[%clk 1:22:56]} 12. O-O-O
{[%clk 1:19:45]} Nc6 {[%clk 1:19:46]} 13. Kb1 {[%clk 1:18:24]} Rc8
{[%clk 1:18:16]} 14. Rc1 {[%clk 1:15:49]} a6 {[%clk 1:16:00]} 15. Bd3
{[%clk 1:10:54]} Nd7 {[%clk 1:14:21]} 16. Ne2 {[%clk 1:08:33]} Qb6
{[%clk 1:13:29]} 17. Qxb6 {[%clk 1:05:52]} Nxb6 {[%clk 1:13:54]} 18. Rc3
{[%clk 1:04:02]} Na4 {[%clk 1:10:07]} 19. Rc2 {[%clk 1:03:46]} Kd7
{[%clk 1:08:40]} 20. a3 {[%clk 0:59:52]} 1/2-1/2

[Event "Ekstraliga 2019"]
[Site "Katowice"]
[Date "2019.09.01"]
[Round "5.3"]
[White "Olszewski, Michal"]
[Black "Dziuba, Marcin"]
[Result "1/2-1/2"]
[BlackElo "2568"]
[WhiteElo "2522"]
[WhiteTeam "Akademia Szachowa Gliwice"]
[BlackTeam "Wieza Pegow"]
[LiveChessVersion "1.4.8"]

1. e4 {[%clk 1:30:44]} c5 {[%clk 1:30:53]} 2. Nf3 {[%clk 1:29:39]} d6
{[%clk 1:31:18]} 3. d4 {[%clk 1:30:05]} cxd4 {[%clk 1:31:38]} 4. Nxd4
{[%clk 1:30:30]} Nf6 {[%clk 1:32:00]} 5. Nc3 {[%clk 1:30:44]} a6 {[%clk 1:32:21]}
6. Be3 {[%clk 1:26:03]} e5 {[%clk 1:32:32]} 7. Nf3 {[%clk 1:25:07]} Qc7
{[%clk 1:29:34]} 8. a4 {[%clk 1:25:20]} Be7 {[%clk 1:28:42]} 9. a5
{[%clk 1:18:02]} O-O {[%clk 1:25:39]} 10. Be2 {[%clk 1:13:54]} Nbd7
{[%clk 1:21:44]} 11. O-O {[%clk 1:02:46]} Nc5 {[%clk 1:21:21]} 12. Nd5
{[%clk 1:00:38]} Nxd5 {[%clk 1:21:24]} 13. exd5 {[%clk 1:01:03]} Bg4
{[%clk 1:15:27]} 14. c4 {[%clk 0:58:00]} e4 {[%clk 1:12:03]} 15. Nd2
{[%clk 0:58:21]} Bxe2 {[%clk 1:10:48]} 16. Qxe2 {[%clk 0:58:48]} f5
{[%clk 1:09:18]} 17. b4 {[%clk 0:56:48]} Nd3 {[%clk 1:08:23]} 18. Bb6
{[%clk 0:53:26]} Qd7 {[%clk 1:07:28]} 19. f3 {[%clk 0:52:02]} 1/2-1/2

[Event "Ekstraliga 2019"]
[Site "Katowice"]
[Date "2019.09.01"]
[Round "5.4"]
[White "Michalik, Peter"]
[Black "Warakomski, Tomasz"]
[Result "1/2-1/2"]
[BlackElo "2497"]
[WhiteElo "2573"]
[WhiteTeam "Wieza Pegow"]
[BlackTeam "Akademia Szachowa Gliwice"]
[LiveChessVersion "1.4.8"]

1. e4 {[%clk 1:30:30]} d6 {[%clk 1:30:16]} 2. d4 {[%clk 1:31:22]} Nf6
{[%clk 1:30:42]} 3. Nc3 {[%clk 1:31:46]} e5 {[%clk 1:31:09]} 4. Nf3
{[%clk 1:31:36]} Nbd7 {[%clk 1:31:34]} 5. Bc4 {[%clk 1:31:57]} Be7
{[%clk 1:32:00]} 6. O-O {[%clk 1:32:21]} O-O {[%clk 1:32:27]} 7. a4
{[%clk 1:32:20]} a5 {[%clk 1:31:47]} 8. Re1 {[%clk 1:32:38]} c6 {[%clk 1:32:13]}
9. h3 {[%clk 1:33:01]} Nb6 {[%clk 1:30:19]} 10. Bb3 {[%clk 1:32:58]} Nfd7
{[%clk 1:29:07]} 11. Be3 {[%clk 1:32:21]} exd4 {[%clk 1:27:43]} 12. Nxd4
{[%clk 1:32:44]} Nc5 {[%clk 1:27:51]} 13. Qe2 {[%clk 1:32:18]} Re8
{[%clk 1:15:01]} 14. Rad1 {[%clk 1:32:28]} Qc7 {[%clk 1:14:47]} 15. f4
{[%clk 1:28:28]} Bf8 {[%clk 1:09:54]} 16. Qf3 {[%clk 1:25:27]} Nxb3
{[%clk 1:00:22]} 17. cxb3 {[%clk 1:25:50]} Nd7 {[%clk 1:00:48]} 18. f5
{[%clk 1:18:26]} Ra6 {[%clk 0:58:07]} 19. Qg3 {[%clk 1:06:47]} Rb6
{[%clk 0:51:21]} 20. Bf4 {[%clk 1:02:07]} Kh8 {[%clk 0:42:23]} 21. Rc1
{[%clk 0:51:00]} Qd8 {[%clk 0:36:23]} 22. Rcd1 {[%clk 0:47:57]} Qc7
{[%clk 0:36:47]} 23. Rc1 {[%clk 0:36:24]} 1/2-1/2